Poems of Tennyson

Saved in:
Bibliographic Details
Main Author: Van Dyke, Henry (Author)
Format: Book
Language:English
Published: Boston Ginn 1903
Series:<The >Athenaeum Press Series
Subjects:
Tags: Add Tag
No Tags, Be the first to tag this record!

MARC

LEADER 00000nam a2200000 a 4500
001 UCT1715
003 CL-VaPUC
008 961004e19030000US |||||||||||||||||eng|d
082 0 4 |a 821  |b VAN  |2 21 
100 0 |a Van Dyke, Henry  |e author  |9 370741 
245 1 0 |a Poems of Tennyson 
300 |a 490 p 
942 |c BK 
945 |d 19961004 00:00:00  |a rleighto 
260 |a Boston  |b Ginn   |c 1903 
600 0 7 |a TENNYSON, ALFRED TENNYSON  |2 CL-VaPUC  |9 326913 
650 0 |a Poesías inglesas  |9 265094 
583 |a last modification  |c 19961004 00:00:00  |k Rodrigo Vera 
490 0 |a <The >Athenaeum Press Series 
999 |c 252170  |d 252168 
952 |0 0  |1 0  |4 0  |6 821_000000000000000_VAN_1903  |7 0  |8 A  |9 271884  |a BIBEDU  |b BIBEDU  |d 2019-11-19  |i 3234037  |o 821 VAN 1903  |p 3234037  |r 2019-11-19  |w 2019-11-19  |y BK  |k LIT